| 000 | 00443nam a2200193Ia 4500 | ||
|---|---|---|---|
| 005 | 20240823055205.0 | ||
| 008 | 240823s9999||||xx |||||||||||||| ||und|| | ||
| 041 | _aENGLISH | ||
| 082 | _A515 | ||
| 100 | _aHarvill | ||
| 245 | 0 | _aApplied Mathematics for Engineers and Physicists | |
| 250 | _a3rd | ||
| 260 | _b"MGH,Auc" | ||
| 500 | _aTRANSFERED | ||
| 650 |
_aMATHS _bMathematics |
||
| 700 | _a Pipes | ||
| 942 | _cBK | ||
| 999 |
_c228199 _d228199 |
||